000 00338nam a22001577a 4500
003 SGT
020 _a978-1-03-238160-2
082 _a632
_bBAN
100 _aBANKS, ERIK
245 _aFINANCE THE BASICS
250 _a4TH
260 _aINDIA
_bROUTLEDGE PUB
_c2023
300 _a357
650 _aFINANCE MANAGEMENT
942 _2ddc
_cBK
999 _c29526
_d29526